| 000 | 01070nam a22002897a 4500 | ||
|---|---|---|---|
| 005 | 20240530110416.0 | ||
| 008 | 150304s2003 su o g 000 0 ara d | ||
| 017 |
_a1423/5867 _bمصر . دار الكتب المصرية |
||
| 020 | _a8495323303 | ||
| 040 | _aEG-CaGPL | ||
| 041 | 0 | _aara | |
| 082 | 0 | 4 |
_221 _a355.8\ _bم أ |
| 100 | 1 | _aديياث ، اوكتافيو | |
| 245 | 1 | 2 |
_aالوسائل المضادة للدبابات و الناقلات / _c اوكتافيو ديياث ؛ تعريب محمد صالحى ، سعيد سبيعة |
| 250 | _aط1 | ||
| 260 |
_aالرياض : _bمكتبة العبيكان ، _c2003 |
||
| 300 |
_a95 ص : _bصور ؛ _c32 سم |
||
| 490 |
_aالاسلحة و الامداد ، _x9960402622 |
||
| 650 | 0 | 4 | _aالدبابات |
| 650 | 0 | 4 | _aالصناعات الحربية |
| 650 | 0 | 4 | _aالمدراعات |
| 650 | 0 | 4 | _aالدبابات البرمائية |
| 700 | 0 |
_aمحمد صالحى _eمترجم |
|
| 700 | 0 |
_aسعيد سبيعة _eمترجم |
|
| 942 |
_2ddc _cBK |
||
| 999 |
_c60552 _d60552 |
||